| 000 | 00636nam a2200193 a 4500 | ||
|---|---|---|---|
| 005 | 20260322212059.0 | ||
| 008 | data | ||
| 010 | _a52-12211 | ||
| 096 | _aWM 75 R248i 1955 | ||
| 100 | 1 |
_aRedlich, Fredrick Carl, _d1910- |
|
| 245 | 1 | 4 |
_aThe inside story; psychiatry and everyday life _cText written by June Bingham with the collaboration of Jacob Levine; comp. under the direction of Fritz Redlich. |
| 260 |
_aNew York _bKnopf _cc1953 |
||
| 300 |
_axiv, 280 p. ; _c illus. |
||
| 500 | _aBibliography: p. 272-278. | ||
| 650 | 0 | 2 |
_aMental Health _vpopular works |
| 650 | 0 | 2 |
_aPsychiatry _vpopular works |
| 700 | 1 | _aBingham, June | |
| 001 | data | ||
| 999 |
_c1425 _d1425 |
||